00498cam a2200169 a 450000100100000000500170001000800410002701000130006804000230008108200190010410000210012324500530014426000390019730000300023665000250026665000370029100000615720200929151944.0851129s1984 ve a 000 p spa  a85596277 aDO-SdBNPcDLCdDLC aE861.44bP127r1 aPáez, Leonardo10aRomancero popular de Bolivar /cLeonardo Páez. aMerida :bImprenta oficial,c1984. a138 p. ; :bil. ;c19 cm. 4aPoesía ecuatoriana 4aLiteratura ecuatorianaySIGLO XX